000 00311nam a2200133Ia 4500
008 210428s9999 xx 000 0 und d
020 _a0-7106-0893-4
082 _a660 J 331 J
100 _aE R Hooton
_952182
245 0 _aNaval Weapon Systems
260 _bJanes
_aUS
_c2005
300 _a741P
942 _cBK
999 _c559948
_d559948